Von Sarajevo Bis Zum Weltbrand
Elmentve itt :
| Szerző: | |
|---|---|
| További közreműködők: | |
| Dokumentumtípus: | Szakdolgozat |
| Megjelent: |
1995
|
| Tárgyszavak: | |
| Online Access: | http://diploma.bibl.u-szeged.hu/77855 |
| LEADER | 00546nta a2200157 i 4500 | ||
|---|---|---|---|
| 001 | dipl77855 | ||
| 005 | 20200623124128.0 | ||
| 008 | 190625s1995 hu om 0|| ger d | ||
| 040 | |a SZTE Diploma Repozitórium |b hun | ||
| 041 | |a ger | ||
| 100 | 1 | |a Csákányovszky Judit | |
| 245 | 1 | 4 | |a Von Sarajevo Bis Zum Weltbrand |h [elektronikus dokumentum] / |c Judit Csákányovszky |
| 260 | |c 1995 | ||
| 650 | 4 | |a Pedagógusképzés | |
| 700 | 1 | |a Kopasz Filoméla |e ths | |
| 856 | 4 | 0 | |u http://diploma.bibl.u-szeged.hu/id/eprint/77855/1/1995_csakanyovszky_judit.pdf |z Dokumentum-elérés |